00980nam a2200253 a 450000100060000000300080000600500170001400800410003102000160007203500190008804000250010704100080013208200220014010000310016224500660019326000440025930000360030350000200033965000230035994200120038299900170039495201580041195201570056967778BD-RjUL20211209081707.0170328s1990 maua 001 0 eng  a0669220094  a(BD-RjUL)67987 aDLCcDLCdOCoLCbeng aeng00a540223bZUI 19901 aZumdahl, Steven S.915922910aIntroductory chemistry : ba foundation /cSteven S. Zumdahl. aLexington, Mass. :bD.C. Heath,cc1990. axvi, 651, p. :bill. ;c25 cm. aIncludes index. 0aChemistry.9200934 2ddccBK c67778d67778 00102ddc40718NFICaRUCLbRUCLcReadingd2008-07-23eDhaka, Paragon Enterprise ltd.g109.00l0o540 ZUI 1990r2017-03-28 00:00:00tC-1w2021-12-09yBK 00102ddc40708NFICaRUCLbRUCLcStackd2008-07-23eDhaka, Paragon Enterprises Ltd.g109.00l0o540 ZUI 1990r2019-01-06 00:00:00tC-2w2021-12-09yBK